000 00615nam a2200229Ia 4500
003 OSt
005 20220928102144.0
006 a|||||r|||| 00| 0
007 ta
008 220927b |||||||| |||| 00| 0 eng d
024 _a27234
037 _cTextual
040 _aSDCL
_cSDCL
_beng
041 _2eng
_aeng
082 _aV2y7M69, L7
100 _aGaur V P
_9396831
245 0 _aMahatma Gandhi A study of his message of non-violence.
260 _aNew Delhi
_bSterling Publishers
_c1977
300 _a144p
_ccm.
942 _hV2y7M69, L7
_cTEXL
_2CC
999 _c712595
_d712595